Revista Elecciones (Registro nro. 22094)

Detalles MARC
000 -Cabecera
Campo de control interno 00798nam a2200229Ia 4500
005 - Fecha y hora del registro
control field 20260416130933.0
008 - Elementos de Longitud Fija
fixed length control field 260320s9999||||xx |||||||||||||| ||und||
022 ## - ISSN
ISSN 19945272
041 ## - Idioma
Codigo Idioma ESP
082 ## - DEWEY y NOTACIÓN INTERNA
Dewey HR 324.6 JUL-DIC 2025
Notación Interna RE
110 ## - AUTOR INSTTITUCIONAL
Autor Institucional Oficina Nacional de Procesos Electorales (ONPE)
245 #0 - TÍTULO DE MATERIAL BIBLIOGRÁFICO
Título Revista Elecciones
260 ## - CIUDAD, EDITORIAL, AÑO
Ciudad Lima :
Nombre de la Editorial Oficina Nacional de Procesos Electorales (ONPE),
Año 2025
300 ## - DESCRIPCIÓN
N° Páginas 240 páginas :
Otros detalles gráficos, tablas ;
Dimensiones 24 cm.
505 ## - TABLA DE CONTENIDO
Tabla de Contenido Volumen 24; Número 30
650 ## - TEMAS
Temas Ciencias Sociales
653 ## - DESCRIPTORES
Lenguajes no controlado Ciencia política - Perú; Procedimientos electorales; Sufragio - Perú
654 ## - PROGRAMAS
Programa
856 ## - URL - UBICACIÓN
URI/URL: Enlace exacto del recurso <a href="https://0u214rx4c-y-https-app-vlex-com.itmsp.museknowledge.com/">https://0u214rx4c-y-https-app-vlex-com.itmsp.museknowledge.com/</a>
Nota pública: Versión digital <a href="Véase además: Base de datos Vlex">Véase además: Base de datos Vlex</a>
942 ## - ELEMENTOS DE KOHA
Tipo de documento Revista
Nombre del creador Justo Noguera
Código de catalogador Tania Ramirez
Esquema de clasificación Dewey Decimal Classification
Existencias
Codigo completo Registro Colección Copia número Disponibilidad Tipo de préstamo Biblioteca Actual Procedencia (Biblioteca) Ubicacón Fecha Ingreso Tipo de Adquisición Observación Date last seen Total checkouts Price effective from Tipo de Item Estado del Material Fuente de Clasificación Damaged status Withdrawn status
HR 324.6 JUL-DIC 2025 RE 1088011 Universidad Católica San Pablo 1 Disponible Disponible Víctor Andrés Belaunde Víctor Andrés Belaunde Planta baja abierta 10/03/2026 Donación Derecho 20/03/2026   20/03/2026 Revista Bueno Dewey Decimal Classification